000 00339 a2200109 4500
001 ART_11034
005 20260410161732.0
008 260409a
245 1 0 _aRendimiento de los nuevos títulos públicos
100 1 _aChapto, Alejandro Miguel
773 0 _tEjecutivos de finanzas
_g- Año 5, Nº 38 (jun. 1987)
_wREV2863
999 _c17958
_d17958